| 000 | 00352nam a2200145Ia 4500 | ||
|---|---|---|---|
| 008 | 230312s9999||||xx |||||||||||||| ||und|| | ||
| 020 | _a0-7020-5131-9 | ||
| 082 |
_a615 _bDRA-G |
||
| 100 | _aDrake;Richard.L | ||
| 245 | 0 | _aGray's Anatomy for Students | |
| 260 |
_bElsevier _aIndia _c2015 |
||
| 300 | _a1161 | ||
| 650 |
_aMedical _vAnatomy |
||
| 942 | _cBK | ||
| 999 |
_c10266 _d10266 |
||